000 00744nam a2200241 a 4500
001 BRCA_6559
005 20190320205513.0
008 300911s1979----nyua######---#000-0#eng-#
020 _a089659050X
041 _aeng
044 _aja
050 4 _aN510
_b.M63 1979
100 1 _aMorse, John D.
_d1906-
_916365
245 1 0 _aOld Master Paintings in North America
_bover 3000 Masterpieces by 50 Great Artist
_cJohn D. Morse.
260 _aJapón
_bAbbeville Press
_cc1979
300 _a309 p.
_bil. (algunas a color)
_c30 cm.
500 _aIncluye índice geográfico de museos
500 _aDonación Dra. Elsa Barberena
650 1 4 _aPintura
_zEstados Unidos
_916366
650 1 4 _aPintura
_zCanadá
_916367
902 _aDEB
942 _2lcc
_cB
999 _c6243
_d6243